LEADER 01303nam a2200241 i 4500 001 000000111575 003 CaOOAMICUS 005 20030916000000.0 008 030916s2000 it u000 u ita u 013 $a84257 040 $aSeMil$bita 100 1 $aTomas, Finka.$0(OLS)http://semarc/name/46760 245 13$aIl carisma delle Suore di Caritą della Santa Croce :$banalisi dinamica delle sue espressioni nella vita dei Fondatori e nella storia dell'Istituto /$cFinka Tomas. 260 $a[S.l. :$bs.n.],$c2000. 300 $aVIII, 396 p. ;$c24 cm. 500 $aIn testa al front. : Teresianum : Pontificia Facoltą Teologica Pontificio Istituto di Spiritualitą. - In mezzo al front. : Tesi di Laurea in Teologia con specializzazione in Spiritualitą. - Fondo Card. C.M. Martini. 650 4$aSuore di Caritą della Santa Croce.$0(OLS)http://semarc/subject/7570 850 $aSeMil 852 $aSeMil$W1$xVenegono$y1$m3G V 91$j67399$B67399$CSeMilBibl$Z2$F101848 $81 941 1 $a4 961 $aOmaggio: Martini Card. Carlo Maria 996 $6245$aIl carisma delle Suore di Caritą della Santa Croce :$banalisi dinamica delle sue espressioni nella vita dei Fondatori e nella storia dell'Istituto$9(OLS)http://semarc/title/162447 996 $6260$a[S.l. :$bs.n.]$9(OLS)http://semarc/publisher/29751 LEADER 01061nam a2200253 i 4500 001 000000050397 003 CaOOAMICUS 005 20060706000000.0 008 060706s1996 it u000 u ita u 013 $a21568 020 $a88-394-0534-8 040 $aSeMil$bita 245 12$aI racconti della passione :$bl'arresto. 300 $a243 p. 490 0 $aStudi biblici ;$v112 500 $aContiene : Bibliografia. 650 4$aBibbia. Nuovo Testamento. Vangeli - Passione di Gesł.$0(OLS)http://semarc/subject/2837 773 0 $aPrete, Benedetto Ivo Cleto $tPassione e la morte di Gesł nel racconto di Luca.$dBrescia : Paideia, copyr. 1996-copyr. 1997.$gVol.1$w()1048 830 0$aStudi biblici ;$v112.$0(OLS)http://semarc/title/33 850 $aSeMil 852 $aSeMil$W1$xVenegono$y1$m2WA A 112$j245125$B16552$CSeMilBibl$Z2$F16552 $81 961 $aAcquisto: Distributore 996 $6020$a88-394-0534-8$9(OLS)http://semarc/number/24140 996 $6245$aI racconti della passione :$bl'arresto$9(OLS)http://semarc/title/76938